|
|
|
|
| LEADER |
00000nab a2200000ua 4500 |
| 001 |
vtls010788728 |
| 003 |
SK-MaSNL |
| 005 |
20260303120249.0 |
| 008 |
230131s1965 xo |||||||||||||||||slo| |
| 035 |
|
|
|a (urnnbn)urn:nbn:sk:snk:ar-a00470
|
| 035 |
|
|
|a (uuid)019b73ec-8b9d-4eba-ab5a-62121ca47b18
|
| 035 |
|
|
|a urn:nbn:sk:snk-ab50ct
|
| 040 |
|
|
|a SNKBUCL
|b slo
|c SNKBUCL
|e AACR2
|
| 041 |
0 |
|
|a slo
|
| 044 |
|
|
|a xo
|c SK
|
| 100 |
1 |
|
|a Krásnohorský, František
|4 aut
|9 225029
|
| 245 |
1 |
0 |
|a K ÚĽOVEJ PROBLEMATIKE
|c František Krásnohorský
|
| 773 |
0 |
|
|t Včelár : odborný časopis Povereníctva poľnohospodárstva a lesného hospodárstva a Ústredia včelárskych združení na Slovensku
|g Roč. 39, č. 4 (1965), s. 87
|
| 954 |
|
|
|a odborná, vedecká literatúra pôvodná (slovenská)
|2 lita
|
| 958 |
|
|
|a OND
|
| 958 |
|
|
|a EUIPO
|
| 958 |
|
|
|a article3
|
| 999 |
|
|
|c 1908489
|d 1910419
|